000
00334nam a2200145Ia 4500
008
210210b1963 xxu||||| |||| 00| 0 eng d
041
_a
eng
082
_a
954/442
100
_a
SPEAR (P)
245
_a
Nabobs
260
_a
London
_b
Oxford University Press
_c
1963
650
_a
Nabobs
690
_a
Indian History
906
_a
026199
999
_c
152243
_d
152243